000 00620nam a2200241 i 4500
001 C2-0140172
003 PPAK
005 20180727125142.0
008 980101s1996 my |||| ||||| | may d
020 _a9838933138
040 _aPPAK
_beng
_cPPAK
_erda
082 0 4 _a899.233
_223
090 0 0 _a899.233
_bMAR
_dG
100 0 _aMarhaini Sulaiman,
_eauthor
245 1 0 _aMemburu sinar
264 1 _aKuala Lumpur :
_bCreative ,
_c1996
300 _a143 pages ;
_c17 cm
336 _2rdacontent
_atext
337 _2rdamedia
_aunmediated
338 _2rdacarrier
_avolume
650 1 0 _aMalay fiction.
942 _ddc
_cB
999 _c44041
_d44041